000
00326nam a22001457a 4500
003
OSt
005
20170105103446.0
008
131202t xxu||||| |||| 00| 0 eng d
020
_a
978-1-56363-678-3
040
_c
ASAB
100
_a
David Heber
_9
349
245
_a
PDR for Herbal Medicines
250
_a
4th Ed.
942
_2
ddc
_c
BK
999
_c
16618
_d
16618